| 000 | 00000nam 2200000zi 4500 |
| 001 | 9.953943 |
| 003 | CaOODSP |
| 005 | 20250819141534 |
| 006 | m o d f |
| 007 | cr cn||||||||| |
| 008 | 250811s2024 onca o f000 0 eng d |
| 040 | |aCaOODSP|beng|erda|cCaOODSP |
| 043 | |an-cn--- |
| 086 | 1 |aFC5-100/2024E-PDF |
| 245 | 00|aWhat to do when you get money from the government : |btips on how to manage your money so you can make the most of it. |
| 246 | 10|aTips on how to manage your money so you can make the most of it |
| 264 | 1|a[Ottawa] : |bFinancial Consumer Agency of Canada = Agence de la consommation en matière financière du Canada, |c[2024] |
| 300 | |a1 online resource (2 unnumbered pages) : |billustrations |
| 336 | |atext|btxt|2rdacontent |
| 337 | |acomputer|bc|2rdamedia |
| 338 | |aonline resource|bcr|2rdacarrier |
| 500 | |aCaption title. |
| 500 | |aIssued also in French under title: Que faire lorsque vous recevez de l'argent du gouvernement : voici quelques conseils sur la façon de gérer votre argent afin d'en profiter au maximum. |
| 520 | |a"When you get your tax refund or benefit payments, the Financial Consumer Agency of Canada (FCAC) has free tools to help you manage your money"--Page [1]. |
| 610 | 20|aFinancial Consumer Agency of Canada. |
| 650 | 0|aFinancial literacy|zCanada. |
| 650 | 0|aBanks and banking|zCanada. |
| 710 | 2 |aFinancial Consumer Agency of Canada, |eissuing body. |
| 775 | 08|tQue faire lorsque vous recevez de l'argent du gouvernement : |w(CaOODSP)9.954259 |
| 856 | 40|qPDF|s96.1 KB|uhttps://publications.gc.ca/collections/collection_2025/acfc-fcac/FC5-100-2024-eng.pdf |